000 00339nam a22001457a 4500
008 210308b ||||| |||| 00| 0 eng d
020 _a2901933005545
041 _aeng
080 _a159.9
082 _a159.9
100 _a48
101 _aPSI
245 _aGeneral Psychology with Spotlights on Diversity
_cGerow, J
942 _2udc
_cBK
999 _c55917
_d55917